Stolice położone najdalej od granicy - Statystyki

Ogólne statystyki
  • Ten quiz został rozwiązany 92 razy
  • Średni wynik to 6 z 20
Statystyki odpowiedzi
km Państwo Stolica % Poprawnych
402 Rosja Moskwa
96%
874 Brazylia Brasília
74%
246 Hiszpania Madryt
49%
247 Meksyk Meksyk
49%
277 Indie Nowe Delhi
49%
196 Mongolia Ułan Bator
45%
288 Kazachstan Astana
42%
340 Kolumbia Bogota
36%
186 Turcja Ankara
34%
362 Arabia Saudyjska Rijad
26%
366 Sudan Chartum
20%
213 Republika Południowej Afryki Pretoria
17%
321 Boliwia Sucre
14%
358 Nigeria Abudża
11%
397 Etiopia Addis Abeba
11%
180 Zimbabwe Harare
5%
336 Tanzania Dodoma
4%
263 Namibia Windhuk
3%
384 Republika Południowej Afryki Bloemfontein
1%
177 Mjanma Naypyidaw
1%
Nie znaleziono quizów pasujących do podanych kryteriów
Rozkład punktacji
Procent ludzi z każdym wynikiem
Percentyl według liczby udzielonych odpowiedzi
Twoja historia wyników
Nie rozwiązałeś tego quizu